<?xml version="1.0" encoding="UTF-8"?>
<record
    xmlns:xsi="http://www.w3.org/2001/XMLSchema-instance"
    xsi:schemaLocation="http://www.loc.gov/MARC21/slim http://www.loc.gov/standards/marcxml/schema/MARC21slim.xsd"
    xmlns="http://www.loc.gov/MARC21/slim">

  <leader>01262cam a2200277 i 4500</leader>
  <controlfield tag="003">SA-RiAUC</controlfield>
  <controlfield tag="005">20260419143422.0</controlfield>
  <controlfield tag="008">260419s2004    su o   g      01010 ara d</controlfield>
  <datafield tag="020" ind1=" " ind2=" ">
    <subfield code="a">996088063x</subfield>
  </datafield>
  <datafield tag="040" ind1=" " ind2=" ">
    <subfield code="a">SA-RiIDS</subfield>
    <subfield code="b">ara</subfield>
    <subfield code="c">SA-RiAUC</subfield>
    <subfield code="e">rda</subfield>
  </datafield>
  <datafield tag="043" ind1=" " ind2=" ">
    <subfield code="a">a-su---</subfield>
  </datafield>
  <datafield tag="082" ind1="0" ind2="4">
    <subfield code="a">051.9531</subfield>
  </datafield>
  <datafield tag="090" ind1=" " ind2=" ">
    <subfield code="a">051.9531</subfield>
    <subfield code="b">&#x62F; &#x627; &#x631;</subfield>
  </datafield>
  <datafield tag="110" ind1="2" ind2=" ">
    <subfield code="a">&#x62F;&#x627;&#x631;&#x629; &#x627;&#x644;&#x645;&#x644;&#x643; &#x639;&#x628;&#x62F; &#x627;&#x644;&#x639;&#x632;&#x64A;&#x632;</subfield>
    <subfield code="e">&#x645;&#x624;&#x644;&#x641;.</subfield>
  </datafield>
  <datafield tag="245" ind1="1" ind2="0">
    <subfield code="a">&#x645;&#x62C;&#x644;&#x629; &#x627;&#x644;&#x62F;&#x627;&#x631;&#x629; &#x641;&#x64A; &#x62B;&#x644;&#x627;&#x62B;&#x64A;&#x646; &#x639;&#x627;&#x645;&#x627; 1395-1425 &#x647;&#x640;- 1975-2004 &#x645; /</subfield>
    <subfield code="c">&#x62F;&#x627;&#x631;&#x629; &#x627;&#x644;&#x645;&#x644;&#x643; &#x639;&#x628;&#x62F; &#x627;&#x644;&#x639;&#x632;&#x64A;&#x632;.</subfield>
  </datafield>
  <datafield tag="264" ind1=" " ind2="1">
    <subfield code="a">&#x627;&#x644;&#x631;&#x64A;&#x627;&#x636; :</subfield>
    <subfield code="b">&#x62F;&#x627;&#x631;&#x629; &#x627;&#x644;&#x645;&#x644;&#x643; &#x639;&#x628;&#x62F; &#x627;&#x644;&#x639;&#x632;&#x64A;&#x632;&#x60C;</subfield>
    <subfield code="c">2004</subfield>
  </datafield>
  <datafield tag="300" ind1=" " ind2=" ">
    <subfield code="a">55 &#x635;&#x641;&#x62D;&#x629; :</subfield>
    <subfield code="b">&#x635;&#x648;&#x631;.</subfield>
    <subfield code="c">20 &#x633;&#x645;.</subfield>
  </datafield>
  <datafield tag="336" ind1=" " ind2=" ">
    <subfield code="a">&#x646;&#x635;</subfield>
    <subfield code="b">txt</subfield>
    <subfield code="2">rdacontent</subfield>
    <subfield code="3">&#x643;&#x62A;&#x627;&#x628;</subfield>
  </datafield>
  <datafield tag="337" ind1=" " ind2=" ">
    <subfield code="a">&#x628;&#x62F;&#x648;&#x646; &#x648;&#x633;&#x64A;&#x637;</subfield>
    <subfield code="b">n</subfield>
    <subfield code="2">rdamedia</subfield>
  </datafield>
  <datafield tag="338" ind1=" " ind2=" ">
    <subfield code="a">&#x645;&#x62C;&#x644;&#x62F;</subfield>
    <subfield code="b">nc</subfield>
    <subfield code="2">rdacarrier</subfield>
  </datafield>
  <datafield tag="440" ind1=" " ind2="0">
    <subfield code="a">&#x627;&#x644;&#x643;&#x62A;&#x628; &#x627;&#x644;&#x62C;&#x62F;&#x64A;&#x62F;&#x629; (&#x645;&#x643;&#x62A;&#x628;&#x629; &#x627;&#x644;&#x639;&#x628;&#x64A;&#x643;&#x627;&#x646;)</subfield>
  </datafield>
  <datafield tag="500" ind1=" " ind2=" ">
    <subfield code="a">&#x635;&#x62F;&#x631; &#x647;&#x630;&#x627; &#x627;&#x644;&#x643;&#x62A;&#x627;&#x628; &#x628;&#x645;&#x646;&#x627;&#x633;&#x628;&#x629; &#x639;&#x642;&#x62F; &#x627;&#x644;&#x62F;&#x627;&#x631;&#x629; &#x627;&#x644;&#x644;&#x642;&#x627;&#x621; &#x627;&#x644;&#x639;&#x644;&#x645;&#x64A; &#x644;&#x645;&#x633;&#x624;&#x648;&#x644;&#x64A; &#x627;&#x644;&#x62A;&#x62D;&#x631;&#x64A;&#x631; &#x641;&#x64A; &#x627;&#x644;&#x645;&#x62C;&#x644;&#x627;&#x62A; &#x627;&#x644;&#x639;&#x644;&#x645;&#x64A;&#x629; &#x627;&#x644;&#x645;&#x62D;&#x643;&#x645;&#x629; &#x641;&#x64A; &#x627;&#x644;&#x645;&#x645;&#x644;&#x643;&#x629; &#x627;&#x644;&#x639;&#x631;&#x628;&#x64A;&#x629; &#x627;&#x644;&#x633;&#x639;&#x648;&#x62F;&#x64A;&#x629; &#x627;&#x644;&#x631;&#x64A;&#x627;&#x636;.</subfield>
  </datafield>
  <datafield tag="650" ind1=" " ind2="7">
    <subfield code="a">&#x627;&#x644;&#x62F;&#x648;&#x631;&#x64A;&#x627;&#x62A; &#x627;&#x644;&#x639;&#x631;&#x628;&#x64A;&#x629;</subfield>
    <subfield code="z">&#x627;&#x644;&#x633;&#x639;&#x648;&#x62F;&#x64A;&#x629;</subfield>
    <subfield code="2">aucsh</subfield>
  </datafield>
  <datafield tag="942" ind1=" " ind2=" ">
    <subfield code="2">ddc</subfield>
    <subfield code="c">BOOK</subfield>
    <subfield code="n">0</subfield>
  </datafield>
  <datafield tag="949" ind1=" " ind2=" ">
    <subfield code="a">SA-JeALM</subfield>
    <subfield code="d">260419</subfield>
    <subfield code="u">mohamedma123</subfield>
    <subfield code="n">1</subfield>
  </datafield>
  <datafield tag="952" ind1=" " ind2=" ">
    <subfield code="0">0</subfield>
    <subfield code="1">0</subfield>
    <subfield code="2">ddc</subfield>
    <subfield code="4">0</subfield>
    <subfield code="7">0</subfield>
    <subfield code="a">WAHAB</subfield>
    <subfield code="b">WAHAB</subfield>
    <subfield code="d">2026-04-19</subfield>
    <subfield code="l">0</subfield>
    <subfield code="o">051.9531  &#x62F; &#x627; &#x631;</subfield>
    <subfield code="p">000023441</subfield>
    <subfield code="r">2026-04-19 14:37:02</subfield>
    <subfield code="w">2026-04-19</subfield>
    <subfield code="y">BOOK</subfield>
  </datafield>
  <datafield tag="999" ind1=" " ind2=" ">
    <subfield code="c">14837</subfield>
    <subfield code="d">14837</subfield>
  </datafield>
</record>
